[Event "NATO-ch 22nd"]
[Site "Kaunas"]
[Date "2011.08.12"]
[Round "7.1"]
[White "Rosenkilde, Alexander"]
[Black "Haznedaroglu, Kivanc"]
[Result "1/2-1/2"]
[WhiteElo "2235"]
[BlackElo "2444"]
[PlyCount "81"]
[EventDate "2011.08.??"]
[EventType "swiss"]
[EventRounds "7"]
[EventCountry "LTU"]
[WhiteTeam "DEN"]
[BlackTeam "TUR"]

1. d4 Nf6 2. c4 e6 3. g3 c5 4. d5 exd5 5. cxd5 d6 6. Nc3 g6 7. Bg2 Bg7 8. Nf3
O-O 9. O-O Re8 10. Nd2 a6 11. a4 Nbd7 12. h3 Rb8 13. Nc4 Ne5 14. Na3 Nh5 15. e4
Rf8 16. Kh2 f5 17. f4 b5 18. axb5 axb5 19. Naxb5 fxe4 20. Bxe4 Bd7 21. Nxd6 Qe7
22. Nb7 Kh8 23. Na5 Rb4 24. Qe1 g5 25. fxg5 Rxe4 26. Nxe4 Nf3+ 27. Rxf3 Rxf3
28. Nc6 Bxc6 29. dxc6 Be5 30. Ra8+ Kg7 31. Bf4 Nxf4 32. gxf4 Rxf4 33. Ng3 Rf3
34. Ra7 Qxa7 35. Qxe5+ Kf8 36. Nh5 c4 37. Qh8+ Ke7 38. Qe5+ Kf8 39. Qh8+ Ke7
40. Qe5+ Kf8 41. Qh8+ 1/2-1/2

[Event "NATO-ch 22nd"]
[Site "Kaunas"]
[Date "2011.08.12"]
[Round "7.2"]
[White "Erturan, Yakup"]
[Black "Helbig, Mark"]
[Result "1/2-1/2"]
[WhiteElo "2342"]
[BlackElo "2315"]
[PlyCount "80"]
[EventDate "2011.08.??"]
[EventType "swiss"]
[EventRounds "7"]
[EventCountry "LTU"]
[WhiteTeam "TUR"]
[BlackTeam "GER"]

1. e4 c6 2. Nc3 d5 3. Nf3 Bg4 4. h3 Bxf3 5. Qxf3 e6 6. d3 Nd7 7. Bd2 g6 8. g3
Bg7 9. Bg2 Ngf6 10. O-O O-O 11. Qe2 dxe4 12. dxe4 Qb6 13. Rab1 a5 14. Be3 Qa6
15. Qxa6 Rxa6 16. Rfd1 Raa8 17. Na4 b5 18. Nc5 Nxc5 19. Bxc5 Rfc8 20. b3 Bf8
21. Bd4 Be7 22. c4 b4 23. Be3 e5 24. f4 Rd8 25. Bb6 Re8 26. fxe5 Nh5 27. e6
fxe6 28. e5 Nxg3 29. Bxc6 Ne2+ 30. Kh2 Nc3 31. Bxa8 Rxa8 32. Rd7 Nxb1 33. Rxe7
Nc3 34. c5 a4 35. c6 axb3 36. axb3 Nd5 37. Rb7 Ra2+ 38. Kg1 Rc2 39. c7 Nxb6 40.
Rxb6 Rxc7 1/2-1/2

[Event "NATO-ch 22nd"]
[Site "Kaunas"]
[Date "2011.08.12"]
[Round "7.3"]
[White "Malloni, Marcello"]
[Black "Andersen, Hans Christoph"]
[Result "1/2-1/2"]
[WhiteElo "2293"]
[BlackElo "2211"]
[PlyCount "154"]
[EventDate "2011.08.??"]
[EventType "swiss"]
[EventRounds "7"]
[EventCountry "LTU"]
[WhiteTeam "ITA"]
[BlackTeam "GER"]

1. e4 e6 2. d4 d5 3. Nc3 Bb4 4. exd5 exd5 5. Bd3 Nc6 6. a3 Bxc3+ 7. bxc3 Be6 8.
Rb1 b6 9. Qf3 Nge7 10. Ne2 Qd7 11. Ng3 O-O 12. h3 Na5 13. O-O Rae8 14. Nh5 f5
15. Qg3 Ng6 16. Nf4 Qd6 17. h4 Rf7 18. a4 Bd7 19. Ra1 c5 20. h5 Nxf4 21. Bxf4
Qf6 22. dxc5 bxc5 23. Bb5 a6 24. Bxd7 Rxd7 25. Rab1 Nc4 26. Rfe1 Rxe1+ 27. Rxe1
Re7 28. Rxe7 Qxe7 29. h6 Qf7 30. hxg7 Qxg7 31. Qh3 Qf6 32. Qg3+ Qg6 33. Qh4 Qe6
34. Qd8+ Kf7 35. f3 d4 36. cxd4 cxd4 37. Kf2 Kg6 38. Qxd4 Qb6 39. Be3 Qxd4 40.
Bxd4 Kf7 41. Kg3 Na3 42. c3 Nc4 43. Kf4 Kg6 44. g4 fxg4 45. fxg4 Nb2 46. a5 Nc4
47. Bb6 Kf6 48. Ke4 Ke6 49. Bc7 Kd7 50. Kd4 Nd2 51. Bb6 Kc6 52. c4 Nf3+ 53. Ke4
Nd2+ 54. Kd3 Nf3 55. Bd4 Nh2 56. g5 Nf3 57. Be3 Ne5+ 58. Kd4 Nf7 59. Bf4 Nd8
60. Be3 Nb7 61. Bd2 Nc5 62. Ke5 Nb3 63. Bb4 Na1 64. Kf6 Nc2 65. Bc3 Ne3 66. Kg7
Kc5 67. Kxh7 Kxc4 68. Bd2 Nf5 69. Kg6 Nh4+ 70. Kf7 Nf3 71. g6 Ne5+ 72. Kf6 Nxg6
73. Kxg6 Kb5 74. Kf6 Kc6 75. Ke6 Kb7 76. Kd7 Ka8 77. Kc7 Ka7 1/2-1/2

[Event "NATO-ch 22nd"]
[Site "Kaunas"]
[Date "2011.08.12"]
[Round "7.7"]
[White "Nielsen, Rene O"]
[Black "Wantiez, Fabrice"]
[Result "0-1"]
[WhiteElo "2149"]
[BlackElo "2357"]
[PlyCount "60"]
[EventDate "2011.08.??"]
[EventType "swiss"]
[EventRounds "7"]
[EventCountry "LTU"]
[WhiteTeam "DEN"]
[BlackTeam "BEL"]

1. e4 e5 2. Nf3 Nc6 3. Bc4 g6 4. d4 exd4 5. Nxd4 Bg7 6. Be3 d6 7. Nc3 Nf6 8. f3
O-O 9. Qd2 Na5 10. Bb3 a6 11. Nde2 Nxb3 12. axb3 Bd7 13. O-O-O Re8 14. g4 Bc6
15. Ng3 a5 16. h4 a4 17. bxa4 Bxa4 18. h5 Bd7 19. hxg6 Ra1+ 20. Nb1 fxg6 21.
Bd4 Qa8 22. Qc3 Rf8 23. g5 Ne8 24. Qb3+ Rf7 25. Rxh7 Qa4 26. Bxg7 Qxb3 27. cxb3
Kxh7 28. Bc3 Rxf3 29. e5 Rxg3 30. e6 Bxe6 0-1

[Event "NATO-ch 22nd"]
[Site "Kaunas"]
[Date "2011.08.12"]
[Round "7.8"]
[White "Kersic, Matej"]
[Black "Lutz, Bernhard"]
[Result "0-1"]
[WhiteElo "2128"]
[BlackElo "2318"]
[PlyCount "116"]
[EventDate "2011.08.??"]
[EventType "swiss"]
[EventRounds "7"]
[EventCountry "LTU"]
[WhiteTeam "SLO"]
[BlackTeam "GER"]

1. e4 e6 2. d4 d5 3. Nc3 Bb4 4. e5 c5 5. Bd2 Ne7 6. Nb5 Bxd2+ 7. Qxd2 O-O 8. c3
Nbc6 9. Nf3 a6 10. Nd6 cxd4 11. cxd4 f6 12. exf6 Rxf6 13. Nxc8 Rxc8 14. Bd3 Qb6
15. O-O Rcf8 16. Qe3 Ng6 17. Bxg6 Rxg6 18. b3 Rgf6 19. Rac1 Ne7 20. Rc2 Rf4 21.
Qe5 Ng6 22. Qc7 Qb5 23. Re1 Re4 24. Rxe4 dxe4 25. Ne1 Nf4 26. Qc4 Qa5 27. Kf1
e3 28. f3 e2+ 29. Kf2 Qh5 30. Kg1 Qg5 31. g3 h5 32. Kf2 Nh3+ 33. Kg2 Nf4+ 34.
Kh1 Nd5 35. Qxe2 Qf6 36. Qe4 Rd8 37. Re2 Kf7 38. Kg2 Rd7 39. Qe5 Qg6 40. f4 Rc7
41. Nf3 Re7 42. Ng5+ Kg8 43. Qe4 Qxe4+ 44. Rxe4 Nc3 45. Re3 Nxa2 46. d5 Nb4 47.
dxe6 g6 48. Kf3 Kg7 49. h3 Nc6 50. Rd3 Kf6 51. Rd6 Rc7 52. e7+ Kxe7 53. Rxg6
Nd4+ 54. Ke4 Nxb3 55. Rb6 Nc5+ 56. Kd5 a5 57. Rb5 a4 58. Nf3 Nd7 0-1

[Event "NATO-ch 22nd"]
[Site "Kaunas"]
[Date "2011.08.12"]
[Round "7.9"]
[White "Papista, Akos"]
[Black "Giua, Frederic"]
[Result "1/2-1/2"]
[WhiteElo "2158"]
[BlackElo "2235"]
[PlyCount "33"]
[EventDate "2011.08.??"]
[EventType "swiss"]
[EventRounds "7"]
[EventCountry "LTU"]
[WhiteTeam "HUN"]
[BlackTeam "FRA"]

1. e4 c5 2. Nf3 d6 3. d4 cxd4 4. Nxd4 Nf6 5. Nc3 a6 6. f4 e6 7. a4 Qc7 8. Be2
Nbd7 9. O-O Be7 10. f5 e5 11. Nb3 b6 12. Be3 Bb7 13. Qd3 Rc8 14. Rfc1 Qb8 15.
Bf3 Rc7 16. Nd2 Nc5 17. Qe2 1/2-1/2

[Event "NATO-ch 22nd"]
[Site "Kaunas"]
[Date "2011.08.12"]
[Round "7.10"]
[White "Kedzierski, Slawomir"]
[Black "Nill, Oliver"]
[Result "1/2-1/2"]
[WhiteElo "2082"]
[BlackElo "2198"]
[PlyCount "134"]
[EventDate "2011.08.??"]
[EventType "swiss"]
[EventRounds "7"]
[EventCountry "LTU"]
[WhiteTeam "POL"]
[BlackTeam "GER"]

1. d4 g6 2. c4 Bg7 3. Nc3 d6 4. e4 Nf6 5. f3 O-O 6. Be3 c5 7. dxc5 dxc5 8. Qxd8
Rxd8 9. Bxc5 Nc6 10. Ba3 Nd7 11. Nge2 Nde5 12. Nf4 b6 13. Kf2 Ba6 14. Nb5 Rd2+
15. Ke1 Rd7 16. Rd1 Rxd1+ 17. Kxd1 Rd8+ 18. Ke1 Bh6 19. Nd5 e6 20. Ndc3 Bd2+
21. Kf2 Bxc3 22. Nxc3 Bxc4 23. Be2 Bxe2 24. Nxe2 Nc4 25. Rc1 N6e5 26. Rc3 Rd2
27. g4 Nd3+ 28. Kg3 Nxa3 29. Rxa3 Rxe2 30. Rxd3 Rxb2 31. a3 a5 32. h4 a4 33.
Rd6 Rb3 34. e5 Kf8 35. g5 Kg7 36. Kg4 h5+ 37. Kg3 Rb5 38. Kf4 Rb3 39. Kg3 Rxa3
40. Rxb6 Re3 41. Ra6 Ra3 42. Ra8 Ra2 43. Kf4 a3 44. Kg3 Ra1 45. Kh2 a2 46. Kg2
Kh7 47. Ra7 Kg8 48. Ra8+ Kg7 49. Kh2 Rf1 50. Rxa2 Rxf3 51. Ra5 Rf5 52. Rc5 Kf8
53. Kg3 Ke8 54. Kg2 Kd8 55. Kg3 Kd7 56. Kg2 Rf4 57. Kg3 Rg4+ 58. Kh3 Rd4 59.
Ra5 Kc6 60. Kg3 Rd5 61. Ra7 Rd7 62. Ra5 Rd1 63. Kg2 Rd4 64. Kg3 Rg4+ 65. Kh3
Rf4 66. Kg3 Rf5 67. Kh3 Kb6 1/2-1/2

[Event "NATO-ch 22nd"]
[Site "Kaunas"]
[Date "2011.08.12"]
[Round "7.11"]
[White "Mestek, Igor"]
[Black "Bieluszewski, Piotr"]
[Result "1-0"]
[WhiteElo "2195"]
[BlackElo "2120"]
[PlyCount "113"]
[EventDate "2011.08.??"]
[EventType "swiss"]
[EventRounds "7"]
[EventCountry "LTU"]
[WhiteTeam "SLO"]
[BlackTeam "POL"]

1. e4 c5 2. Nf3 d6 3. d4 cxd4 4. Nxd4 Nf6 5. Nc3 a6 6. Bc4 e6 7. O-O Qc7 8. Bb3
Nbd7 9. Bxe6 fxe6 10. Nxe6 Qa5 11. Nd5 Nxd5 12. exd5 Nf6 13. Bd2 Qb6 14. Be3
Qxb2 15. Nc7+ Kf7 16. Nxa8 Be7 17. Nb6 Bf5 18. Bd4 Qb5 19. c4 Qa5 20. Qe1 Qxe1
21. Rfxe1 Bd8 22. f3 h5 23. g3 Bc7 24. Re3 Bxb6 25. Bxb6 Rc8 26. Bd4 Rxc4 27.
Bxf6 Kxf6 28. Kf2 Rd4 29. Rc1 Rxd5 30. Rc7 b5 31. Ra3 Bd3 32. Rxa6 Bc4 33. h4
g6 34. a4 Kf5 35. axb5 Bxb5 36. Ra5 Re5 37. Rb7 Bd3 38. Rxe5+ Kxe5 39. Ke3 Bf5
40. Rb4 Bc2 41. g4 hxg4 42. fxg4 d5 43. Rb5 Bd1 44. Rb4 Bc2 45. Rd4 Bb1 46. Rd1
Be4 47. Rd2 Bb1 48. h5 gxh5 49. gxh5 Be4 50. Rd1 Kf6 51. Rg1 Kf7 52. Kf4 Bc2
53. Ke5 Be4 54. Rg3 Kf8 55. h6 Kf7 56. Rg7+ Kf8 57. Kf6 1-0

[Event "NATO-ch 22nd"]
[Site "Kaunas"]
[Date "2011.08.12"]
[Round "7.12"]
[White "Van Rijn, Wouter"]
[Black "Picart, Laurent"]
[Result "1/2-1/2"]
[WhiteElo "2191"]
[BlackElo "2094"]
[PlyCount "83"]
[EventDate "2011.08.??"]
[EventType "swiss"]
[EventRounds "7"]
[EventCountry "LTU"]
[WhiteTeam "NED"]
[BlackTeam "FRA"]

1. d4 Nf6 2. c4 e6 3. Nc3 Bb4 4. Bd2 O-O 5. e3 b6 6. Bd3 Bb7 7. Nf3 d5 8. cxd5
exd5 9. O-O Nbd7 10. Rc1 a6 11. Ne2 Bd6 12. Ng3 g6 13. Qc2 Re8 14. Ng5 c5 15.
Qb1 c4 16. Bc2 b5 17. f4 Ng4 18. Rce1 Nf8 19. Qd1 f5 20. Bxf5 gxf5 21. Nxf5 Nf6
22. Nh6+ Kg7 23. Ngf7 Qd7 24. Nxd6 Kxh6 25. Nxe8 Rxe8 26. h3 Ne4 27. g4 Kg7 28.
Kh2 Bc8 29. Re2 h6 30. Be1 Nh7 31. Rg2 Kh8 32. a3 Qc7 33. h4 Rg8 34. Kg1 Nhf6
35. f5 Qg7 36. Rf4 Nh5 37. Rxe4 dxe4 38. Qc2 Bxf5 39. gxf5 Qxg2+ 40. Qxg2 Rxg2+
41. Kxg2 Nf6 42. Kg3 1/2-1/2

[Event "NATO-ch 22nd"]
[Site "Kaunas"]
[Date "2011.08.12"]
[Round "7.14"]
[White "Narman, Gokhan"]
[Black "Tommasini, Enzo"]
[Result "1-0"]
[WhiteElo "2057"]
[BlackElo "2154"]
[PlyCount "85"]
[EventDate "2011.08.??"]
[EventType "swiss"]
[EventRounds "7"]
[EventCountry "LTU"]
[WhiteTeam "TUR"]
[BlackTeam "ITA"]

1. d4 c5 2. d5 e5 3. c4 d6 4. Nc3 Be7 5. e4 Nf6 6. Bd3 Na6 7. Nge2 Nc7 8. O-O
O-O 9. f4 exf4 10. Bxf4 Ng4 11. h3 Ne5 12. Ng3 g6 13. Bxe5 dxe5 14. Qe2 Ne8 15.
a4 Nd6 16. Nb5 Ne8 17. Qe3 b6 18. Rf3 Bd7 19. Nc3 Nd6 20. Raf1 Bg5 21. Qe2 Qe7
22. b3 Bf4 23. Qc2 h5 24. Nge2 Bg5 25. Ng3 a6 26. Nd1 h4 27. Nh1 b5 28. axb5
axb5 29. Nhf2 bxc4 30. bxc4 Ra3 31. Ne3 Bxe3 32. Rxe3 Qg5 33. Rf3 Rfa8 34. Rb1
Ra2 35. Qd1 Ba4 36. Qf1 Bc2 37. Re1 Kg7 38. Ng4 Bxd3 39. Qxd3 Rd2 40. Qc3 Rd4
41. Ref1 Ra7 42. Qb3 Rb7 43. Qxb7 1-0

[Event "NATO-ch 22nd"]
[Site "Kaunas"]
[Date "2011.08.12"]
[Round "7.15"]
[White "Pazeriene, Diana"]
[Black "Lazar, Ales Sr"]
[Result "1/2-1/2"]
[WhiteElo "2037"]
[BlackElo "2150"]
[PlyCount "26"]
[EventDate "2011.08.??"]
[EventType "swiss"]
[EventRounds "7"]
[EventCountry "LTU"]
[WhiteTeam "LTU"]
[BlackTeam "SLO"]

1. d4 d5 2. c4 c6 3. Nf3 Nf6 4. Nc3 e6 5. Bg5 Nbd7 6. e3 Be7 7. Bd3 O-O 8. O-O
b6 9. Qe2 dxc4 10. Bxc4 Nd5 11. Bxe7 Nxc3 12. Bxd8 Nxe2+ 13. Bxe2 Rxd8 1/2-1/2

[Event "NATO-ch 22nd"]
[Site "Kaunas"]
[Date "2011.08.12"]
[Round "7.16"]
[White "Sari, Serdar"]
[Black "Bucholtz, Robert"]
[Result "1-0"]
[WhiteElo "2032"]
[BlackElo "2112"]
[PlyCount "81"]
[EventDate "2011.08.??"]
[EventType "swiss"]
[EventRounds "7"]
[EventCountry "LTU"]
[WhiteTeam "TUR"]
[BlackTeam "USA"]

1. d4 d5 2. Nc3 Bf5 3. f3 Nf6 4. Bg5 Nbd7 5. e3 c6 6. Bd3 Bxd3 7. Qxd3 Qa5 8.
Nge2 e6 9. O-O Bd6 10. Bh4 Qc7 11. Bg3 Bxg3 12. Nxg3 h5 13. e4 h4 14. Nge2
O-O-O 15. e5 Ng8 16. a4 Nh6 17. b4 Qb8 18. f4 g6 19. b5 c5 20. b6 c4 21. bxa7
cxd3 22. axb8=Q+ Nxb8 23. cxd3 Rd7 24. a5 Kd8 25. Na4 Re8 26. Nc5 Rc7 27. Nc3
Nf5 28. Nb5 Rc6 29. Nxb7+ Ke7 30. N7d6 Nxd6 31. Nxd6 Rd8 32. Rfb1 Nd7 33. Rb7
Ra6 34. Rb5 Rda8 35. Kf2 f5 36. g3 hxg3+ 37. hxg3 Rc6 38. Rh1 Nf8 39. Rb7+ Kd8
40. Rh8 Rxd6 41. Rxf8# 1-0

[Event "NATO-ch 22nd"]
[Site "Kaunas"]
[Date "2011.08.12"]
[Round "7.17"]
[White "Onley, David"]
[Black "Skwarczynski, Marcin"]
[Result "1-0"]
[WhiteElo "2105"]
[BlackElo "2011"]
[PlyCount "77"]
[EventDate "2011.08.??"]
[EventType "swiss"]
[EventRounds "7"]
[EventCountry "LTU"]
[WhiteTeam "ENG"]
[BlackTeam "NATO"]

1. e4 Nf6 2. Nc3 d5 3. exd5 Nxd5 4. Bc4 e6 5. Nf3 Nc6 6. O-O Nxc3 7. bxc3 Be7
8. d4 O-O 9. Qe2 Bf6 10. Ba3 Be7 11. Bb2 Bf6 12. Rad1 Ne7 13. Bd3 Ng6 14. g3 b6
15. h4 Bb7 16. h5 Ne7 17. c4 Re8 18. Ne5 Nf5 19. Rfe1 Nd6 20. c5 Nf5 21. c6 Bc8
22. c4 Ba6 23. Nd7 Nd6 24. h6 Qe7 25. Kg2 Rad8 26. hxg7 Bxg7 27. d5 Rxd7 28.
cxd7 Qxd7 29. Bxg7 Kxg7 30. Qg4+ Kf8 31. Qh4 Qa4 32. Qh6+ Ke7 33. dxe6 fxe6 34.
Qxe6+ Kd8 35. Qf6+ Kc8 36. Bf5+ Kb8 37. Rxe8+ Qxe8 38. Be6 Nxc4 39. Rd8+ 1-0

[Event "NATO-ch 22nd"]
[Site "Kaunas"]
[Date "2011.08.12"]
[Round "7.18"]
[White "Tucker, David Sidney"]
[Black "Patron, Pascal"]
[Result "1-0"]
[WhiteElo "2096"]
[BlackElo "1997"]
[PlyCount "65"]
[EventDate "2011.08.??"]
[EventType "swiss"]
[EventRounds "7"]
[EventCountry "LTU"]
[WhiteTeam "ENG"]
[BlackTeam "NATO"]

1. e4 e5 2. Nf3 Nc6 3. Bb5 a6 4. Ba4 Nf6 5. O-O b5 6. Bb3 Be7 7. Re1 O-O 8. a4
b4 9. a5 Bb7 10. d3 Ne8 11. Nbd2 Kh8 12. Nc4 d6 13. Bd2 f5 14. exf5 Rxf5 15.
Ne3 Rf8 16. Nd5 Rb8 17. Ra4 Ba8 18. Re3 Nf6 19. Nxe7 Qxe7 20. Qe1 Rb5 21. Bxb4
Nxb4 22. Rxb4 Rxa5 23. Rh4 Rb5 24. Bc4 Rxb2 25. Ng5 Bd5 26. Nxh7 Nxh7 27. Reh3
Bxc4 28. Rxh7+ Kg8 29. Rh8+ Kf7 30. Rf3+ Ke6 31. Rfxf8 Bb5 32. c4 Bd7 33. f4
1-0

[Event "NATO-ch 22nd"]
[Site "Kaunas"]
[Date "2011.08.12"]
[Round "7.19"]
[White "Franck, Boris"]
[Black "Mankauskas, Donatas"]
[Result "0-1"]
[WhiteElo "2090"]
[BlackElo "1958"]
[PlyCount "52"]
[EventDate "2011.08.??"]
[EventType "swiss"]
[EventRounds "7"]
[EventCountry "LTU"]
[WhiteTeam "FRA"]
[BlackTeam "LTU"]

1. e4 e6 2. Nf3 d5 3. e5 c5 4. b4 c4 5. c3 a5 6. b5 Nd7 7. d3 cxd3 8. Bxd3 f6
9. Bf4 Nc5 10. Be2 Bd7 11. a4 f5 12. Nd4 h5 13. h4 g6 14. g4 hxg4 15. Bxg4 fxg4
16. Qxg4 Ne7 17. Qg2 Qc7 18. Rh3 Bh6 19. Bxh6 Rxh6 20. f4 O-O-O 21. Ra3 Rdh8
22. Nf3 Ne4 23. Qh2 Qc5 24. Ke2 Rh5 25. Ng5 Nxg5 26. fxg5 Qc4+ 0-1

[Event "NATO-ch 22nd"]
[Site "Kaunas"]
[Date "2011.08.12"]
[Round "7.20"]
[White "Harwood, Duncan J"]
[Black "Almonti, Alessandro"]
[Result "0-1"]
[WhiteElo "2180"]
[BlackElo "2022"]
[PlyCount "68"]
[EventDate "2011.08.??"]
[EventType "swiss"]
[EventRounds "7"]
[EventCountry "LTU"]
[WhiteTeam "ENG"]
[BlackTeam "ITA"]

1. e4 c5 2. Nf3 Nc6 3. d4 cxd4 4. Nxd4 g6 5. Nc3 Bg7 6. Be3 Nf6 7. Nb3 O-O 8.
Be2 b6 9. O-O Bb7 10. f4 d6 11. Bf3 Qc7 12. g4 Rfe8 13. Qd2 Rad8 14. g5 Nd7 15.
a4 Nc5 16. Nd4 Nxd4 17. Bxd4 Bxd4+ 18. Qxd4 e5 19. Qd2 exf4 20. Qxf4 Ne6 21.
Qg3 Qc5+ 22. Kh1 Nxg5 23. Rae1 Nxf3 24. Qxf3 f5 25. Nd5 Bxd5 26. exd5 Qxc2 27.
b3 Qc7 28. Rc1 Qe7 29. Rc4 Qe5 30. Rc7 Re7 31. Rfc1 Rde8 32. R1c3 Rxc7 33. Rxc7
Qe1+ 34. Kg2 Re2+ 0-1

[Event "NATO-ch 22nd"]
[Site "Kaunas"]
[Date "2011.08.12"]
[Round "7.21"]
[White "Wagenaar, Harm Theo"]
[Black "Zengin, Sedat"]
[Result "0-1"]
[WhiteElo "2084"]
[BlackElo "2064"]
[PlyCount "74"]
[EventDate "2011.08.??"]
[EventType "swiss"]
[EventRounds "7"]
[EventCountry "LTU"]
[WhiteTeam "NED"]
[BlackTeam "TUR"]

1. d4 Nf6 2. Nf3 g6 3. c3 Bg7 4. Bg5 O-O 5. Nbd2 d5 6. e3 c5 7. Be2 Qb6 8. Qb3
Nc6 9. O-O Bf5 10. Qa3 Nd7 11. Bh4 e5 12. dxe5 Ndxe5 13. Nxe5 Nxe5 14. Nf3 Nd3
15. Bxd3 Bxd3 16. Rfd1 c4 17. Ne1 Be4 18. f3 Bf5 19. Rxd5 Bh6 20. Rad1 Bxe3+
21. Kh1 Bf2 22. Be7 Rfe8 23. Bc5 Bxc5 24. Qxc5 Qxc5 25. Rxc5 Re2 26. g4 Be6 27.
Rb5 b6 28. Ng2 Re8 29. Kg1 Bc8 30. Nf4 Rc2 31. h4 Bb7 32. Nd5 Kg7 33. a4 Bc6
34. Nc7 Ree2 35. Rb4 Rg2+ 36. Kf1 Rh2 37. Kg1 Bxf3 0-1

[Event "NATO-ch 22nd"]
[Site "Kaunas"]
[Date "2011.08.12"]
[Round "7.22"]
[White "Cheung, Jan W"]
[Black "Berrak, Sedat"]
[Result "1-0"]
[WhiteElo "2024"]
[BlackElo "2078"]
[PlyCount "49"]
[EventDate "2011.08.??"]
[EventType "swiss"]
[EventRounds "7"]
[EventCountry "LTU"]
[WhiteTeam "NED"]
[BlackTeam "TUR"]

1. d4 e6 2. c4 Nf6 3. Nf3 b6 4. Nc3 Bb4 5. Bg5 Bb7 6. e3 h6 7. Bh4 Bxc3+ 8.
bxc3 d6 9. Bd3 Nbd7 10. O-O O-O 11. Nd2 g5 12. Bg3 Nh7 13. f4 Kg7 14. Qc2 Nhf6
15. Rae1 g4 16. Bh4 Qc8 17. e4 Rh8 18. e5 Ng8 19. f5 dxe5 20. fxe6 fxe6 21. Bg6
Ngf6 22. dxe5 Ne8 23. Rf7+ Kg8 24. Bh7+ Kxf7 25. Qg6+ 1-0

[Event "NATO-ch 22nd"]
[Site "Kaunas"]
[Date "2011.08.12"]
[Round "7.23"]
[White "Ledoux, Jean Luc"]
[Black "Ross, David C"]
[Result "1-0"]
[WhiteElo "2074"]
[BlackElo "1925"]
[PlyCount "55"]
[EventDate "2011.08.??"]
[EventType "swiss"]
[EventRounds "7"]
[EventCountry "LTU"]
[WhiteTeam "FRA"]
[BlackTeam "NATO"]

1. Nf3 e6 2. d4 Nf6 3. c4 d5 4. Nc3 c5 5. e3 Be7 6. Bd3 Nc6 7. a3 a6 8. O-O Qc7
9. Bd2 dxc4 10. Bxc4 b5 11. Ba2 cxd4 12. exd4 Bb7 13. Rc1 Qd6 14. Ne2 Nd5 15.
Ng3 Nf6 16. Be3 h5 17. Ng5 Nd5 18. Qf3 Bxg5 19. Ne4 Qd7 20. Nxg5 Nf6 21. Qh3
Nd8 22. f4 Bd5 23. Bb1 Ng4 24. f5 f6 25. Ne4 e5 26. dxe5 Nxe5 27. Rfd1 Qf7 28.
Nd6+ 1-0

[Event "NATO-ch 22nd"]
[Site "Kaunas"]
[Date "2011.08.12"]
[Round "7.24"]
[White "Lustig, Mickael"]
[Black "Hernandez, Albertryan"]
[Result "1-0"]
[WhiteElo "2019"]
[BlackElo "2072"]
[PlyCount "137"]
[EventDate "2011.08.??"]
[EventType "swiss"]
[EventRounds "7"]
[EventCountry "LTU"]
[WhiteTeam "NATO"]
[BlackTeam "USA"]

1. e4 e6 2. d4 d5 3. e5 c5 4. c3 Nc6 5. Be3 Qb6 6. Qd2 Nh6 7. Nf3 Nf5 8. Bd3
cxd4 9. cxd4 Bd7 10. O-O Be7 11. Nc3 Nxe3 12. fxe3 O-O 13. Rac1 Rac8 14. Kh1 f5
15. Na4 Qb4 16. Nc5 Bxc5 17. Rxc5 Qxd2 18. Nxd2 Nb4 19. Bb1 Rxc5 20. dxc5 Bb5
21. Rf2 Na6 22. g4 g6 23. gxf5 gxf5 24. Rg2+ Kf7 25. Nf3 h6 26. b4 Bc6 27. Nd4
Nxb4 28. Rb2 a5 29. a3 Na6 30. Nxc6 bxc6 31. Rb7+ Kg6 32. Rb6 Nb8 33. Bd3 Kg5
34. Rb7 f4 35. Rg7+ Kh4 36. Rg6 Nd7 37. Rxh6+ Kg5 38. Rg6+ Kh5 39. exf4 Nxc5
40. Rg5+ Kh4 41. Be2 Rf5 42. Rg4+ Kh5 43. Kg2 Kh6 44. Kf3 Nd7 45. Ke3 c5 46.
Bd3 d4+ 47. Ke2 Rf8 48. Rh4+ Kg7 49. Rh7+ Kg8 50. Rxd7 Rxf4 51. Rc7 Rh4 52.
Rxc5 Rxh2+ 53. Kd1 Rh3 54. Kd2 Rh2+ 55. Kc1 Rh3 56. Kc2 a4 57. Rc4 Rh2+ 58. Kd1
Rh1+ 59. Kd2 Rh2+ 60. Be2 d3 61. Rg4+ Kh8 62. Kxd3 Rh3+ 63. Kd4 Rxa3 64. Bc4
Ra1 65. Bxe6 a3 66. Rg2 Rd1+ 67. Kc5 Rc1+ 68. Kd6 Rd1+ 69. Bd5 1-0

[Event "NATO-ch 22nd"]
[Site "Kaunas"]
[Date "2011.08.12"]
[Round "7.26"]
[White "Dawson, David"]
[Black "Mottais, Francois"]
[Result "1-0"]
[WhiteElo "2000"]
[BlackElo "2065"]
[PlyCount "80"]
[EventDate "2011.08.??"]
[EventType "swiss"]
[EventRounds "7"]
[EventCountry "LTU"]
[WhiteTeam "ENG"]
[BlackTeam "FRA"]

1. e4 c5 2. Nf3 d6 3. Bb5+ Nd7 4. O-O Ngf6 5. Re1 e5 6. c3 Be7 7. d4 cxd4 8.
cxd4 O-O 9. Nc3 exd4 10. Qxd4 Nc5 11. h3 Be6 12. Bg5 a6 13. Bf1 h6 14. Bh4 b5
15. b4 Ncd7 16. a4 bxa4 17. Rxa4 a5 18. Rea1 Nb8 19. Bb5 g5 20. Bg3 d5 21. bxa5
dxe4 22. Nxe4 Bb3 23. Rb4 Nxe4 24. Qxe4 Bd5 25. Qb1 Bxb4 26. Qxb4 Nc6 27. Qc5
Bxf3 28. Bxc6 Bxc6 29. Qxc6 Rxa5 30. Rxa5 Qxa5 31. Qxh6 Qa1+ 32. Kh2 Qg7 33.
Qc6 f6 34. Qc4+ Kh7 35. Bd6 Rf7 36. Bb4 Rc7 37. Qd4 Rd7 38. Qe4+ Qg6 39. Qc6
Rd8 40. Bc3 Kg8 1-0

[Event "NATO-ch 22nd"]
[Site "Kaunas"]
[Date "2011.08.12"]
[Round "7.27"]
[White "Maciokas, Kostas"]
[Black "Vinoya, Mario"]
[Result "1-0"]
[WhiteElo "2079"]
[BlackElo "1953"]
[PlyCount "83"]
[EventDate "2011.08.??"]
[EventType "swiss"]
[EventRounds "7"]
[EventCountry "LTU"]
[WhiteTeam "LTU"]
[BlackTeam "USA"]

1. d4 e6 2. c4 d5 3. Nc3 Nf6 4. Nf3 c6 5. c5 Nbd7 6. Bg5 Be7 7. b4 b6 8. Qa4
Bb7 9. Rc1 b5 10. Qc2 a5 11. a3 a4 12. e3 h6 13. Bf4 Nh5 14. Nxb5 Nxf4 15. exf4
Qb8 16. g3 Ba6 17. Nc3 Bxf1 18. Kxf1 O-O 19. Kg2 Rc8 20. Rhe1 Bf6 21. Re3 Qa7
22. h4 Re8 23. Rce1 Qa6 24. Qd1 Reb8 25. g4 Bd8 26. Qc2 Qc4 27. R1e2 Bf6 28.
Qd1 Bd8 29. g5 hxg5 30. hxg5 Bc7 31. Ne5 Bxe5 32. fxe5 g6 33. Nxa4 Kg7 34. Nb2
Qa2 35. Na4 Qc4 36. Nb6 Nxb6 37. cxb6 Rxb6 38. Rc2 Qa6 39. Qf3 Rh8 40. Qf6+ Kg8
41. Rf3 Qa7 42. Rcc3 1-0

[Event "NATO-ch 22nd"]
[Site "Kaunas"]
[Date "2011.08.12"]
[Round "7.28"]
[White "Koopmeiners, Karl"]
[Black "Oltean, Gusztav"]
[Result "1/2-1/2"]
[WhiteElo "2022"]
[BlackElo "2118"]
[PlyCount "41"]
[EventDate "2011.08.??"]
[EventType "swiss"]
[EventRounds "7"]
[EventCountry "LTU"]
[WhiteTeam "NATO"]
[BlackTeam "HUN"]

1. d4 c5 2. d5 Nf6 3. c4 b5 4. cxb5 a6 5. bxa6 Bxa6 6. Nc3 d6 7. Nf3 g6 8. g3
Bg7 9. Bg2 O-O 10. Rb1 Qa5 11. Bd2 Nbd7 12. b3 Rfb8 13. O-O Ra7 14. Qc2 Qb6 15.
Rfd1 Rab7 16. Be1 Qc7 17. a4 Qc8 18. Na2 Nb6 19. e4 Qd7 20. a5 Na8 21. Bc3
1/2-1/2

[Event "NATO-ch 22nd"]
[Site "Kaunas"]
[Date "2011.08.12"]
[Round "7.29"]
[White "Csizmadia, Csaba"]
[Black "Krainski, Slawomir"]
[Result "0-1"]
[WhiteElo "1888"]
[BlackElo "2099"]
[PlyCount "124"]
[EventDate "2011.08.??"]
[EventType "swiss"]
[EventRounds "7"]
[EventCountry "LTU"]
[WhiteTeam "HUN"]
[BlackTeam "POL"]

1. d4 d5 2. c4 dxc4 3. e3 e5 4. Bxc4 exd4 5. exd4 Bd6 6. Qf3 Qf6 7. Nc3 Nc6 8.
Be3 Qxf3 9. Nxf3 Nf6 10. O-O O-O 11. Bg5 Bg4 12. Be2 Bxf3 13. Bxf3 Nxd4 14.
Bxb7 Rab8 15. Bxf6 gxf6 16. Be4 Rxb2 17. Rfb1 Rfb8 18. Rxb2 Rxb2 19. Rb1 Rd2
20. a4 f5 21. Bb7 Bc5 22. Nd1 Ne2+ 23. Kf1 Nf4 24. Ba6 Kg7 25. Bb5 h5 26. Ba6
h4 27. h3 Kf6 28. Bc4 a5 29. Ba6 Ne6 30. Ke1 Ra2 31. Bb5 Ng5 32. Rb2 Ra1 33.
Ke2 Ne4 34. Ne3 Nc3+ 35. Kd3 Nxa4 36. Bxa4 Rxa4 37. Nd5+ Ke5 38. Nxc7 Rd4+ 39.
Ke2 a4 40. Rb5 Kd6 41. Na6 Re4+ 42. Kf3 Rc4 43. Nxc5 Rxc5 44. Rb6+ Ke5 45. Ra6
Rc3+ 46. Ke2 Ra3 47. Ra7 Kf4 48. Rxf7 Ra2+ 49. Ke1 Ke4 50. Re7+ Kd3 51. Rd7+
Kc2 52. Rd4 Kb3 53. Rxh4 Rc2 54. Rh8 Rc4 55. Ra8 a3 56. Kd2 a2 57. Rxa2 Kxa2
58. Ke3 Kb3 59. g3 Kb4 60. f3 Kc5 61. g4 fxg4 62. hxg4 Kd5 0-1